[Event "Lliga Catalana eq. DH"]
[Site "?"]
[Date "2014.03.01"]
[Round "6"]
[White "Cruz Estrada, F."]
[Black "Beltran Rueda, S."]
[Result "1-0"]
[WhiteElo "2486"]
[BlackElo "2455"]
[PlyCount "107"]
[EventDate "2014.??.??"]
[EventType "team"]
[EventCountry "ESP"]

1. Nf3 Nf6 2. e3 g6 3. b4 Bg7 4. Bb2 O-O 5. Be2 d6 6. c4 e5 7. d3 e4 8. dxe4
Nxe4 9. Bxg7 Kxg7 10. Nbd2 Nc3 11. Qb3 Nxe2 12. Kxe2 a5 13. a3 Re8 14. Qc3+ Qf6
15. Qxf6+ Kxf6 16. Nd4 Nc6 17. Nb5 Re7 18. Nc3 Kg7 19. Nd5 Rd7 20. Ne4 axb4 21.
axb4 Rxa1 22. Rxa1 b6 23. Ra8 Bb7 24. Re8 f5 25. Nef6 Rf7 26. Rg8+ Kh6 27. Ne8
Ne7 28. Nxe7 Rxe7 29. Nf6 b5 30. Rb8 Kg7 31. Rxb7 Kxf6 32. Rxb5 Re4 33. Kd3 Ke7
34. f3 Re6 35. Rb8 Kd7 36. h4 Re7 37. Rg8 Ke6 38. Kd4 Kf7 39. Rh8 Ke6 40. b5
Kf6 41. Rb8 Ke6 42. Rb7 h5 43. Kd3 Kf7 44. b6 cxb6 45. Rxb6 Re6 46. Rb7+ Kf6
47. Rd7 g5 48. g3 gxh4 49. gxh4 Kg6 50. Rd8 Kf7 51. Rh8 Kg6 52. Rg8+ Kh6 53.
Rg5 Re5 54. Kd4 1-0

[Event "Lliga Catalana eq. DH"]
[Site "?"]
[Date "2014.03.01"]
[Round "6"]
[White "Draghici Flutor, G."]
[Black "Gonzalez Garcia, M."]
[Result "0-1"]
[WhiteElo "2209"]
[BlackElo "2328"]
[PlyCount "98"]
[EventDate "2014.??.??"]
[EventType "team"]
[EventCountry "ESP"]

1. e4 c5 2. Nf3 e6 3. g3 Nc6 4. Bg2 Nf6 5. Nc3 a6 6. O-O Qc7 7. Re1 Be7 8. e5
Ng4 9. Qe2 h5 10. h3 Nh6 11. Ne4 Nxe5 12. Nxe5 Qxe5 13. d4 cxd4 14. Bf4 Qb5 15.
Qxb5 axb5 16. Nd6+ Bxd6 17. Bxd6 Nf5 18. Bb4 f6 19. a3 Kf7 20. Rad1 d5 21. Bc5
Ra4 22. Rd3 Rc4 23. b4 Rxc2 24. Bxd4 Nxd4 25. Rxd4 Bd7 26. Rd3 Rhc8 27. f4 g6
28. Bf3 R8c3 29. Red1 Bc6 30. Bh1 Ke7 31. Bf3 Kd6 32. Be4 Be8 33. Bg2 Rxd3 34.
Rxd3 Bf7 35. Be4 Rc4 36. Bg2 b6 37. Bf1 Rc2 38. h4 e5 39. fxe5+ fxe5 40. Rf3
Ke7 41. Bxb5 e4 42. Re3 Kd6 43. Ba4 Rc1+ 44. Kf2 Ke5 45. Re1 Rc3 46. Bb5 Rxa3
47. Bc6 Ra2+ 48. Kg1 Be6 49. Re3 Bf5 0-1

[Event "Lliga Catalana eq. DH"]
[Site "?"]
[Date "2014.03.01"]
[Round "6"]
[White "Fernandez Aguado, E."]
[Black "Escuder Vilaltella, J."]
[Result "1/2-1/2"]
[WhiteElo "2407"]
[BlackElo "2391"]
[PlyCount "102"]
[EventDate "2014.??.??"]
[EventType "team"]
[EventCountry "ESP"]

1. e4 c5 2. Nf3 d6 3. d4 cxd4 4. Nxd4 Nf6 5. Nc3 a6 6. Be2 e5 7. Nb3 Be7 8. O-O
O-O 9. Be3 Be6 10. f4 Qc7 11. f5 Bc4 12. a4 Rd8 13. a5 Qc6 14. Bxc4 Qxc4 15.
Ra4 Qc6 16. Bb6 Rc8 17. Nd2 Qe8 18. Rc4 Nbd7 19. Be3 Qd8 20. Ra4 b5 21. axb6
Nxb6 22. Rb4 Rab8 23. Kh1 Qc7 24. Bxb6 Rxb6 25. Rc4 Rc6 26. b3 Rd8 27. Nd5 Nxd5
28. exd5 Rxc4 29. Nxc4 Qc5 30. Qd2 Rb8 31. Na5 Rb5 32. Nc6 Bf6 33. Rd1 h6 34.
Qd3 Qa3 35. h3 Rb6 36. Kh2 a5 37. Qc3 Rb5 38. Ra1 Rc5 39. Qe1 Qb2 40. c4 Qxb3
41. Nxa5 Qd3 42. Nb7 Rxc4 43. Nxd6 Rd4 44. Ra8+ Kh7 45. Nxf7 Qxf5 46. Qg3 g5
47. Ra6 Rxd5 48. Qg4 Qxg4 49. hxg4 Kg7 50. Nxh6 Kxh6 51. Rxf6+ Kg7 1/2-1/2

[Event "Lliga Catalana eq. DH"]
[Site "?"]
[Date "2014.03.01"]
[Round "6"]
[White "Gallart Zafra, J."]
[Black "Escobar Torres, A."]
[Result "0-1"]
[WhiteElo "2339"]
[BlackElo "2232"]
[PlyCount "76"]
[EventDate "2014.??.??"]
[EventType "team"]
[EventCountry "ESP"]

1. e4 c5 2. Nf3 e6 3. d4 cxd4 4. Nxd4 a6 5. Bd3 Nc6 6. Nb3 Nf6 7. Qe2 Nb4 8.
Nc3 Nxd3+ 9. cxd3 d5 10. e5 Nd7 11. O-O g6 12. Bf4 Nb8 13. Rac1 Nc6 14. Na4 Bd7
15. Nbc5 Nd4 16. Qd2 Bxa4 17. Bg5 Be7 18. Bxe7 Qxe7 19. Nxa4 O-O 20. Nb6 Rad8
21. Rfe1 Kg7 22. Qc3 Nc6 23. a3 Qg5 24. b4 h5 25. a4 h4 26. h3 Qf4 27. b5 axb5
28. axb5 Nd4 29. Rb1 Nf5 30. Qc7 Rb8 31. Qc1 Qd4 32. Nd7 Rbc8 33. Qg5 Rc2 34.
Rf1 Rfc8 35. Nf6 Qxe5 36. Ng4 Qd4 37. Rfe1 f6 38. Rb4 Qc3 0-1

[Event "Lliga Catalana eq. DH"]
[Site "?"]
[Date "2014.03.01"]
[Round "6"]
[White "Lacasa Diaz, JA."]
[Black "Cruz Sanchez, JE."]
[Result "0-1"]
[WhiteElo "2457"]
[BlackElo "2541"]
[PlyCount "57"]
[EventDate "2014.??.??"]
[EventType "team"]
[EventCountry "ESP"]

1. e4 e5 2. Nf3 Nc6 3. Bb5 a6 4. Ba4 Nf6 5. d3 Bc5 6. Bxc6 dxc6 7. Be3 Bd6 8.
h3 O-O 9. Nbd2 Re8 10. O-O Nd7 11. Nc4 c5 12. a4 b6 13. Nfd2 Nf8 14. Nxd6 cxd6
15. f4 exf4 16. Bxf4 d5 17. exd5 Qxd5 18. Nc4 Bb7 19. Qd2 b5 20. Nb6 Qd4+ 21.
Qf2 Re2 22. Qxd4 Rxg2+ 23. Kh1 cxd4 24. Nxa8 Rxc2+ 25. Kg1 Rg2+ 26. Kh1 Rxb2+
27. Kg1 Rg2+ 28. Kh1 Ne6 29. Bd6 0-1

[Event "Lliga Catalana eq. DH"]
[Site "?"]
[Date "2014.03.01"]
[Round "6"]
[White "Leiro Giralt, D."]
[Black "Maroto Borras, J."]
[Result "1/2-1/2"]
[WhiteElo "2317"]
[BlackElo "2199"]
[PlyCount "39"]
[EventDate "2014.??.??"]
[EventType "team"]
[EventCountry "ESP"]

1. e4 e6 2. d4 d5 3. Nc3 dxe4 4. Nxe4 Nd7 5. Nf3 Ngf6 6. Nxf6+ Nxf6 7. Bd3 b6
8. Qe2 Bb7 9. Bg5 Be7 10. O-O-O O-O 11. Kb1 Nd5 12. h4 h6 13. c3 hxg5 14. hxg5
Bxg5 15. Nxg5 Qxg5 16. Bh7+ Kh8 17. Bc2+ Kg8 18. Bh7+ Kh8 19. Bc2+ Kg8 20. Bh7+
1/2-1/2

[Event "Lliga Catalana eq. DH"]
[Site "?"]
[Date "2014.03.01"]
[Round "6"]
[White "Marques Taltavull, A."]
[Black "Almirall Botella, J."]
[Result "0-1"]
[WhiteElo "2254"]
[BlackElo "2147"]
[PlyCount "86"]
[EventDate "2014.??.??"]
[EventType "team"]
[EventCountry "ESP"]

1. Nf3 d5 2. c4 c6 3. g3 Bg4 4. Bg2 Nf6 5. Ne5 Bh5 6. cxd5 Nxd5 7. Qb3 Nd7 8.
d4 Nxe5 9. dxe5 Qc7 10. e4 Nb6 11. f4 e6 12. Be3 Be7 13. Nc3 Rd8 14. O-O Rd3
15. Nb5 cxb5 16. Qxd3 Nc4 17. Rac1 Qa5 18. Bf2 O-O 19. b3 Rd8 20. Qc2 Rd2 21.
Qb1 Rb2 22. Qa1 Qd2 23. Rxc4 bxc4 24. Qc1 c3 25. h3 Be2 26. Re1 Bf3 27. Rf1
Bxg2 28. Kxg2 Bc5 29. h4 Bxf2 30. Rd1 Be3+ 31. Rxd2 Bxd2 32. Qf1 Be3+ 33. Kh3
h6 34. Qb5 c2 35. Qe8+ Kh7 36. Qxf7 c1=Q 37. h5 Qf1+ 38. Kg4 Qd1+ 39. Kh3 Qh1+
40. Kg4 Qxe4 41. Qxe6 Rf2 42. Kh3 Rf1 43. Kg4 Bf2 0-1

[Event "Lliga Catalana eq. DH"]
[Site "?"]
[Date "2014.03.01"]
[Round "6"]
[White "Roca Diaz, MA."]
[Black "Prat Llables, J."]
[Result "0-1"]
[WhiteElo "2148"]
[BlackElo "2284"]
[PlyCount "36"]
[EventDate "2014.??.??"]
[EventType "team"]
[EventCountry "ESP"]

1. d4 Nf6 2. c4 g6 3. Nf3 Bg7 4. Nc3 O-O 5. g3 d6 6. Bg2 Nc6 7. O-O a6 8. Re1
Rb8 9. Ng5 h6 10. Nf3 Bd7 11. e4 b5 12. d5 Na5 13. c5 Bg4 14. c6 e6 15. h3 Bxf3
16. Qxf3 exd5 17. exd5 Re8 18. b4 Rxe1+ 0-1

[Event "Lliga Catalana eq. DH"]
[Site "?"]
[Date "2014.03.01"]
[Round "6.1"]
[White "Baches Garcia, G."]
[Black "Cordova Daza, E."]
[Result "0-1"]
[WhiteElo "2424"]
[BlackElo "2568"]
[PlyCount "72"]
[EventDate "2014.??.??"]
[EventType "team"]
[EventCountry "ESP"]

1. e4 c5 2. Nf3 e6 3. c4 a6 4. d4 cxd4 5. Nxd4 Nf6 6. Nc3 Bb4 7. Qc2 Qc7 8. a3
Be7 9. Be2 b5 10. Be3 Bb7 11. O-O O-O 12. Kh1 d6 13. Rfc1 Nbd7 14. f3 Rac8 15.
a4 a5 16. Ncxb5 Qb8 17. Qd2 Rfe8 18. Bf1 Bf8 19. Re1 Ne5 20. Rec1 Rcd8 21. Ne2
d5 22. exd5 Bb4 23. Nec3 exd5 24. Bb6 d4 25. Bxd4 Neg4 26. g3 Ne5 27. Qf4 Nh5
28. Qg5 h6 29. Qf5 Nxf3 30. Nd5 Nxd4 31. Nxd4 Re5 32. Qc2 Rdxd5 33. cxd5 Rxd5
34. Nf3 Rd2 35. Qf5 Rxh2+ 36. Kxh2 Qxg3+ 0-1

[Event "Lliga Catalana eq. DH"]
[Site "?"]
[Date "2014.03.01"]
[Round "6.1"]
[White "De la Riva Aguado, O."]
[Black "Narciso Dublan, M."]
[Result "1/2-1/2"]
[WhiteElo "2553"]
[BlackElo "2544"]
[PlyCount "29"]
[EventDate "2014.??.??"]
[EventType "team"]
[EventCountry "ESP"]

1. e4 c6 2. d4 d5 3. e5 Bf5 4. Nf3 e6 5. Nbd2 Nd7 6. Nb3 Ne7 7. Be2 Nc8 8. O-O
Be7 9. a4 O-O 10. a5 a6 11. c4 dxc4 12. Bxc4 Na7 13. Bd3 Bxd3 14. Qxd3 Nb5 15.
Bd2 1/2-1/2

[Event "Lliga Catalana eq. DH"]
[Site "?"]
[Date "2014.03.01"]
[Round "6.1"]
[White "Delorme, Axel"]
[Black "Jerez Perez, A."]
[Result "1/2-1/2"]
[WhiteElo "2479"]
[BlackElo "2444"]
[PlyCount "78"]
[EventDate "2014.??.??"]
[EventType "team"]
[EventCountry "ESP"]

1. d4 Nf6 2. c4 g6 3. g3 Bg7 4. Bg2 d5 5. cxd5 Nxd5 6. e4 Nb6 7. Ne2 O-O 8. O-O
c5 9. dxc5 Qxd1 10. Rxd1 Na4 11. Nbc3 Nxc5 12. Be3 Nca6 13. f4 Nc6 14. e5 f6
15. exf6 Bxf6 16. Rd2 Be6 17. Nd5 Bxd5 18. Bxd5+ Kg7 19. Bxc6 bxc6 20. Nd4 Rfc8
21. Rc1 Kf7 22. Rc4 c5 23. Nb5 Rab8 24. a4 Rb7 25. Kf2 Rc6 26. Kf3 Nc7 27. Nxc7
Rcxc7 28. Rxc5 Rxc5 29. Bxc5 Bxb2 30. Ke4 Ke6 31. g4 a5 32. f5+ gxf5+ 33. gxf5+
Kf7 34. Rd8 Bc3 35. Kd3 Be5 36. Ra8 Bxh2 37. Rxa5 h5 38. Bd4 h4 39. Rb5 Rxb5
1/2-1/2

[Event "Lliga Catalana eq. DH"]
[Site "?"]
[Date "2014.03.01"]
[Round "6.1"]
[White "Guerra Mendez, JA."]
[Black "Cuartas Medina, JA."]
[Result "1/2-1/2"]
[WhiteElo "2404"]
[BlackElo "2537"]
[PlyCount "45"]
[EventDate "2014.??.??"]
[EventType "team"]
[EventCountry "ESP"]

1. e4 e5 2. Nf3 Nc6 3. Bb5 a6 4. Ba4 Nf6 5. O-O Be7 6. Re1 b5 7. Bb3 O-O 8. a4
b4 9. d3 d6 10. Nbd2 Na5 11. Ba2 c5 12. Nc4 Nc6 13. h3 Rb8 14. Bg5 h6 15. Bxf6
Bxf6 16. Ne3 g6 17. Bd5 Ne7 18. Bc4 Bg7 19. c3 Nc6 20. Bd5 Ne7 21. Bc4 Nc6 22.
Bd5 Ne7 23. Bc4 1/2-1/2

[Event "Lliga Catalana eq. DH"]
[Site "?"]
[Date "2014.03.01"]
[Round "6.1"]
[White "Movsziszian, K."]
[Black "Magem Badals, J."]
[Result "0-1"]
[WhiteElo "2544"]
[BlackElo "2576"]
[PlyCount "90"]
[EventDate "2014.??.??"]
[EventType "team"]
[EventCountry "ESP"]

1. g3 d5 2. Bg2 g6 3. Nf3 Bg7 4. O-O e5 5. d3 Ne7 6. e4 O-O 7. Nc3 d4 8. Ne2 c5
9. Nd2 Nbc6 10. f4 exf4 11. gxf4 f5 12. Ng3 Qc7 13. Nf3 Bd7 14. e5 Nd8 15. c4
Ne6 16. h4 h5 17. Bd2 Bh6 18. Ne2 a5 19. Qc2 Bc6 20. b3 b5 21. cxb5 Bxb5 22.
Ng5 Bxg5 23. fxg5 (23. Bxa8 Rxa8 24. hxg5) 23... Ra6 24. Nf4 Nxf4 25. Bxf4 Re6
26. Rac1 Rc8 27. a3 Qd8 28. Qe2 Nd5 29. Bd2 Ne7 30. Rfe1 Ba6 31. b4 axb4 32.
axb4 Qb6 33. bxc5 Rxc5 34. Rxc5 Qxc5 35. Qf3 Qb5 36. Ra1 Qxd3 37. Qa8+ Kg7 38.
Bb4 Qe3+ 39. Kh1 Bd3 40. Re1 $2 (40. Bxe7 $142 Rxe7 41. Qa3 $13) 40... Qg3 41.
Qa2 Ra6 42. Qd2 Re6 (42... Nc6 $142) 43. Kg1 (43. Qa2) 43... Nd5 44. Bc5 Nf4
45. Qf2 Nh3+ 0-1

[Event "Lliga Catalana eq. DH"]
[Site "?"]
[Date "2014.03.01"]
[Round "6.1"]
[White "Muñoz Pantoja, M."]
[Black "Fluvia Poyatos, Joan"]
[Result "1/2-1/2"]
[WhiteElo "2559"]
[BlackElo "2554"]
[PlyCount "103"]
[EventDate "2014.??.??"]
[EventType "team"]
[EventCountry "ESP"]

1. e4 c5 2. Nf3 d6 3. Bb5+ Nd7 4. O-O a6 5. Bxd7+ Bxd7 6. d4 cxd4 7. Qxd4 Rc8
8. c4 e5 9. Qd3 Qc7 10. Na3 h6 11. b3 Nf6 12. Bb2 b6 13. Ne1 Qb7 14. f3 b5 15.
Nec2 Be7 16. Ne3 O-O 17. Kh1 Rc7 18. Rad1 Rb8 19. f4 Bc6 20. Nd5 Bxd5 21. exd5
e4 22. Qd4 Bd8 23. Qe3 Ng4 24. Qg3 f5 25. Bd4 Bf6 26. Bxf6 Nxf6 27. Qg6 Qc8 28.
Nc2 bxc4 29. bxc4 Qe8 30. Qxf5 Rxc4 31. Ne3 Rc3 32. Ng4 Nxg4 33. Qxg4 Qf7 34.
f5 Re8 35. f6 e3 36. Rde1 Rc2 37. Qa4 Rd2 38. fxg7 Qg6 39. Qxe8+ Qxe8 40. Rf8+
Qxf8 41. gxf8=Q+ Kxf8 42. Kg1 e2 43. a4 Kf7 44. Kf2 Kf6 45. Rxe2 Rxd5 46. Re4
Rd2+ 47. Kf3 a5 48. Rh4 Kg5 49. Rg4+ Kf5 50. Rf4+ Kg6 51. Rg4+ Kf5 52. Rf4+
1/2-1/2

[Event "Lliga Catalana eq. DH"]
[Site "?"]
[Date "2014.03.01"]
[Round "6.1"]
[White "Zurano Lopez, P."]
[Black "Moskalenko, V."]
[Result "1/2-1/2"]
[WhiteElo "2412"]
[BlackElo "2583"]
[PlyCount "67"]
[EventDate "2014.??.??"]
[EventType "team"]
[EventCountry "ESP"]

1. d4 f5 2. g3 Nf6 3. Bg2 d6 4. Nf3 g6 5. O-O Bg7 6. Nc3 O-O 7. d5 Na6 8. Nd4
Nc5 9. Be3 Bd7 10. f3 c6 11. dxc6 bxc6 12. Qd2 Qc7 13. Rfd1 e5 14. Nb3 Nb7 15.
Bf2 Be6 16. h3 d5 17. Na4 Nd7 18. Nac5 Ndxc5 19. Nxc5 Nxc5 20. Bxc5 Rfd8 21. c3
f4 22. gxf4 exf4 23. Qe1 Bf8 24. Qf2 Bxc5 25. Qxc5 Re8 26. Re1 Qd7 27. Kh2 Qc7
28. Kg1 Rab8 29. b3 Rbd8 30. Qd4 c5 31. Qd2 Qe5 32. e4 d4 33. cxd4 cxd4 34.
Rad1 1/2-1/2

[Event "Lliga Catalana eq. DH"]
[Site "?"]
[Date "2014.03.01"]
[Round "6.2"]
[White "Alonso Moyano, J."]
[Black "Pham Guerrero, S."]
[Result "1-0"]
[WhiteElo "2454"]
[BlackElo "2304"]
[PlyCount "59"]
[EventDate "2014.??.??"]
[EventType "team"]
[EventCountry "ESP"]

1. e4 c5 2. Nc3 Nc6 3. Bb5 Nd4 4. Bc4 d6 5. Nge2 g6 6. Nxd4 cxd4 7. Qf3 e6 8.
Nb5 Bg7 9. Qg3 Bf8 10. Nxd4 a6 11. Qf3 Bg7 12. Ne2 b5 13. Bb3 Bb7 14. d4 Ne7
15. c3 O-O 16. h4 Qd7 17. h5 f5 18. hxg6 hxg6 19. Nf4 Rf6 20. d5 exd5 21. exd5
Re8 22. Be3 a5 23. a3 g5 24. Nh5 Rg6 25. Nxg7 Rxg7 26. O-O-O g4 27. Qg3 Ng6 28.
Rh6 Re4 29. Bd4 Ne5 30. Qh4 1-0

[Event "Lliga Catalana eq. DH"]
[Site "?"]
[Date "2014.03.01"]
[Round "6.2"]
[White "Alonso Rosell, A."]
[Black "Gonzalez Perez, A."]
[Result "1/2-1/2"]
[WhiteElo "2579"]
[BlackElo "2567"]
[PlyCount "86"]
[EventDate "2014.??.??"]
[EventType "team"]
[EventCountry "ESP"]

1. e4 e6 2. d4 d5 3. Nd2 Nf6 4. e5 Nfd7 5. Bd3 c5 6. c3 Nc6 7. Ne2 cxd4 8. cxd4
f6 9. exf6 Nxf6 10. O-O Bd6 11. Nf3 Qc7 12. Bg5 O-O 13. Bh4 Nh5 14. Qc2 h6 15.
Bg3 Nxg3 16. hxg3 g5 17. Bb5 Ne5 18. Qxc7 Nxf3+ 19. gxf3 Bxc7 20. Rac1 Bd6 21.
Rc3 a6 22. Ba4 b5 23. Bb3 Bd7 24. Kg2 b4 25. Re3 Rac8 26. Rd1 a5 27. Rd2 a4 28.
Bd1 Kg7 29. Red3 Kf6 30. Re3 Ke7 31. Bc2 Rf6 32. Bd3 h5 33. Rc2 Rh8 34. Rc1 h4
35. Rh1 Rfh6 36. f4 h3+ 37. Kh2 Rf6 38. f5 g4 (38... Kf7 $142) 39. f3 gxf3 40.
Rxf3 exf5 41. Nf4 Bxf4 42. Rxf4 Kd6 43. Rhf1 a3 1/2-1/2

[Event "Lliga Catalana eq. DH"]
[Site "?"]
[Date "2014.03.01"]
[Round "6.2"]
[White "Cruz Sanchez, C."]
[Black "Benet Catala, A."]
[Result "1-0"]
[WhiteElo "2593"]
[BlackElo "2329"]
[PlyCount "89"]
[EventDate "2014.??.??"]
[EventType "team"]
[EventCountry "ESP"]

1. c4 g6 2. d4 Bg7 3. Nc3 d6 4. Nf3 Nd7 5. e4 e5 6. Be2 Ngf6 7. O-O O-O 8. Qc2
c6 9. d5 c5 10. Bg5 h6 11. Bd2 Nh5 12. g3 Nb6 13. Ne1 Bh3 14. Ng2 Qd7 15. Nd1
Nc8 16. Nde3 Ne7 17. Bxh5 gxh5 18. Qd1 f5 19. exf5 Rxf5 20. Nxf5 Qxf5 21. Qe2
Rf8 22. f4 Bg4 23. Qe3 Qc2 24. fxe5 Nf5 25. Qc3 Qa4 26. Qb3 Qxb3 27. axb3 Bxe5
28. Bc3 Nd4 29. Rxf8+ Kxf8 30. Rxa7 Ne2+ 31. Kf2 Nxc3 32. bxc3 Bxc3 33. Rxb7
Bd1 34. Ne3 Bd4 35. Rb6 Ke7 36. Ke1 Bxe3 37. Kxd1 Bd4 38. Ke2 Be5 39. Kf3 Kf6
40. Ke4 h4 41. gxh4 Bxh2 42. b4 cxb4 43. c5 Ke7 44. c6 Bg3 45. Rb8 1-0

[Event "Lliga Catalana eq. DH"]
[Site "?"]
[Date "2014.03.01"]
[Round "6.2"]
[White "Gonzalez Rodriguez, JA."]
[Black "Trepat Herranz, J."]
[Result "1-0"]
[WhiteElo "2471"]
[BlackElo "2416"]
[PlyCount "109"]
[EventDate "2014.??.??"]
[EventType "team"]
[EventCountry "ESP"]

1. b3 e5 2. Bb2 Nc6 3. c4 Nf6 4. e3 d5 5. cxd5 Nxd5 6. a3 Bd6 7. Qc2 O-O 8. Nf3
Qe7 9. d3 f5 10. Nbd2 Kh8 11. g3 f4 12. gxf4 exf4 13. e4 Ne3 14. Qc3 Bg4 15.
Rg1 Ne5 16. Be2 Bxf3 17. Nxf3 Nd5 18. Qc2 Nxf3+ 19. Bxf3 Nf6 20. b4 a5 21. b5
Qd7 22. e5 Bxe5 23. d4 Bd6 24. a4 Rae8+ 25. Kd1 Bb4 26. Qd3 c6 27. Kc2 Rc8 28.
bxc6 bxc6 29. Qc4 Nd5 30. Rac1 Rb8 31. Kd1 Rf6 32. Rc2 Bf8 33. Rg5 Rb4 34. Qa2
Qh3 35. Ke2 Re6+ 36. Re5 Rxe5+ 37. dxe5 Qe6 38. h4 h6 39. h5 Be7 40. Qa1 Rb3
41. Qc1 Nb4 42. Rd2 Qh3 43. Qh1 Qe6 44. Qc1 Qh3 45. Qh1 Qe6 46. Qc1 Nd5 47. Qc2
Rb4 48. Qg6 Qxg6 49. hxg6 Kg8 50. Ba3 Nc3+ 51. Kf1 Rb7 52. Kg2 Bxa3 53. Rd8+
Bf8 54. Bg4 f3+ 55. Kh2 1-0

[Event "Lliga Catalana eq. DH"]
[Site "?"]
[Date "2014.03.01"]
[Round "6.2"]
[White "Lorenzo de la Riva, L."]
[Black "Oratovsky, M."]
[Result "1/2-1/2"]
[WhiteElo "2502"]
[BlackElo "2533"]
[PlyCount "75"]
[EventDate "2014.??.??"]
[EventType "team"]
[EventCountry "ESP"]

1. e4 c5 2. Nf3 e6 3. d4 cxd4 4. Nxd4 a6 5. c4 Nf6 6. Nc3 Qc7 7. Be2 b6 8. O-O
Bb7 9. f3 h5 10. Kh1 h4 11. Be3 Nc6 12. Rc1 Nxd4 13. Qxd4 Bc5 14. Qd3 Nh5 15.
f4 Qd6 16. Qxd6 Ng3+ 17. Kg1 Nxe2+ 18. Kf2 Bxd6 19. Kxe2 Bc7 20. Rf2 Rb8 21. a4
Bc6 22. b4 Bd8 23. b5 Bb7 24. Kd3 axb5 25. axb5 Ra8 26. Rcc2 Bc7 27. Ra2 Ke7
28. Rxa8 Rxa8 29. Ra2 Rxa2 30. Nxa2 d5 31. exd5 exd5 32. g3 dxc4+ 33. Kxc4 h3
34. Nc3 Ke6 35. Na4 Kf5 36. Nxb6 Ke4 37. Bc5 Bb8 38. Be7 1/2-1/2

[Event "Lliga Catalana eq. DH"]
[Site "?"]
[Date "2014.03.01"]
[Round "6.2"]
[White "Matnadze, A."]
[Black "Vidarte Morales, A."]
[Result "1-0"]
[WhiteElo "2520"]
[BlackElo "2408"]
[PlyCount "163"]
[EventDate "2014.??.??"]
[EventType "team"]
[EventCountry "ESP"]

1. d4 d5 2. Nf3 Nf6 3. c4 e6 4. g3 dxc4 5. Qa4+ Bd7 6. Qxc4 Bc6 7. Bg2 Bd5 8.
Qa4+ Bc6 9. Qd1 Bb4+ 10. Nc3 Nbd7 11. O-O O-O 12. a3 Bxc3 13. bxc3 Be4 14. Ne1
Bxg2 15. Nxg2 c5 16. Qb3 Qb6 17. Rb1 Rfc8 18. Qxb6 axb6 19. Ne3 Ne4 20. Nd1
cxd4 21. cxd4 Rc2 22. Re1 Rac8 23. Bf4 g5 24. Be3 h6 25. Rb3 Nef6 26. f4 g4 27.
f5 h5 28. fxe6 fxe6 29. Rb5 Kf7 30. Bg5 Kg6 31. Bxf6 Nxf6 32. Rxb6 R8c6 33.
Rxb7 Ne4 34. Nf2 Ng5 35. Nd3 Nh3+ 36. Kg2 R6c3 37. Nf2 Ng5 38. Rb5 Rxa3 39. Re5
Rc6 40. Nd3 Rxd3 41. exd3 Rd6 42. Rxg5+ Kxg5 43. Re4 Ra6 44. h4+ gxh3+ 45. Kxh3
Ra3 46. Rxe6 Rxd3 47. Re5+ Kf6 48. Rd5 Ke6 49. Re5+ Kf6 50. Rd5 Ke6 51. Rxh5
Rxd4 52. Rh4 Rd8 53. Rf4 Rh8+ 54. Kg4 Rg8+ 55. Kf3 Rg6 56. Rf8 Ke7 57. Rf5 Ke6
58. Ra5 Rf6+ 59. Kg4 Rg6+ 60. Kh4 Kf7 61. Rf5+ Ke6 62. Rf1 Rg8 63. g4 Rh8+ 64.
Kg3 Rg8 65. Rf5 Ke7 66. Kf4 Rg7 67. Ra5 Rf7+ 68. Kg5 Rg7+ 69. Kh5 Rg8 70. g5
Kf7 71. Ra7+ Ke6 72. g6 Rh8+ 73. Kg5 Rh1 74. Rf7 Rh2 75. Rf1 Rh3 76. Re1+ Kd7
77. g7 Rg3+ 78. Kf6 Rf3+ 79. Kg6 Rg3+ 80. Kf7 Rf3+ 81. Kg8 Rf4 82. Rh1 1-0

[Event "Lliga Catalana eq. DH"]
[Site "?"]
[Date "2014.03.01"]
[Round "6.2"]
[White "Valdes Romero, L."]
[Black "Asis Gargatagli, H."]
[Result "1/2-1/2"]
[WhiteElo "2453"]
[BlackElo "2514"]
[PlyCount "72"]
[EventDate "2014.??.??"]
[EventType "team"]
[EventCountry "ESP"]

1. Nf3 Nf6 2. c4 g6 3. g3 Bg7 4. Bg2 O-O 5. O-O d6 6. Nc3 e5 7. d3 h6 8. Rb1 a5
9. a3 Re8 10. b4 axb4 11. axb4 e4 12. dxe4 Nxe4 13. Nxe4 Rxe4 14. Bb2 Qf8 15.
Nd4 Re7 16. Ra1 Rxa1 17. Bxa1 Na6 18. Qd2 Nxb4 19. Qxb4 c5 20. Qd2 cxd4 21. Bf3
Be6 22. Bxd4 Bxc4 23. Bxg7 Qxg7 24. Qxd6 Qf8 25. Rb1 Bxe2 26. Re1 Qe8 27. Bd5
Kg7 28. Bc4 Re4 29. Bd5 Rd4 30. Bxf7 Rxd6 31. Bxe8 Rd1 32. Rxd1 Bxd1 33. f4 g5
34. fxg5 hxg5 35. h4 gxh4 36. gxh4 Kh6 1/2-1/2

[Event "Lliga Catalana eq. DH"]
[Site "?"]
[Date "2014.03.01"]
[Round "6.3"]
[White "Barbero Sendic, A."]
[Black "Alonso Garcia, R."]
[Result "0-1"]
[WhiteElo "2416"]
[BlackElo "2423"]
[PlyCount "66"]
[EventDate "2014.??.??"]
[EventType "team"]
[EventCountry "ESP"]

1. e4 e6 2. d4 d5 3. Nc3 Bb4 4. exd5 exd5 5. Bd3 Nc6 6. a3 Bxc3+ 7. bxc3 Nge7
8. Qf3 Be6 9. Ne2 Qd7 10. Rb1 O-O-O 11. O-O Bf5 12. Ng3 Bxd3 13. cxd3 f6 14.
Be3 Kb8 15. c4 h5 16. cxd5 Qxd5 17. Ne4 b6 18. Qd1 Nxd4 19. Nc3 Qa5 20. Bxd4
Rxd4 21. Qc2 Qc5 22. Qb2 Rxd3 23. Rfc1 Qd4 24. Qe2 Rxc3 25. Qxe7 Rxc1+ 26. Rxc1
Qf4 27. Rd1 Rc8 28. h3 g5 29. Qf7 h4 30. Rd3 Qc1+ 31. Kh2 Qc6 32. Rd7 Qc3 33.
Rd5 Qxa3 0-1

[Event "Lliga Catalana eq. DH"]
[Site "?"]
[Date "2014.03.01"]
[Round "6.3"]
[White "Garcia Paolicchi, R."]
[Black "Grafl, F."]
[Result "0-1"]
[WhiteElo "2280"]
[BlackElo "2425"]
[PlyCount "70"]
[EventDate "2014.??.??"]
[EventType "team"]
[EventCountry "ESP"]

1. d4 f5 2. Nf3 Nf6 3. c4 e6 4. g3 d5 5. Bg2 Bd6 6. O-O c6 7. b3 Qe7 8. Bb2 O-O
9. Qc1 b5 10. Ba3 b4 11. Bb2 a5 12. a3 Ba6 13. axb4 axb4 14. Nbd2 Nbd7 15. Re1
Ne4 16. Nxe4 fxe4 17. Ng5 h6 18. Nh3 Nf6 19. c5 Bc7 20. f4 Ng4 21. Qd2 Qf7 22.
Ra2 Bb5 23. Rea1 Rxa2 24. Rxa2 Qh5 25. Bc1 e3 26. Qxb4 g5 27. Ra7 Bb8 28. Ra8
gxf4 29. Qe1 fxg3 30. hxg3 Kh7 31. b4 Nf2 32. Nf4 Bxf4 33. Ra2 Kh8 34. gxf4
Nh3+ 35. Bxh3 Qxh3 0-1

[Event "Lliga Catalana eq. DH"]
[Site "?"]
[Date "2014.03.01"]
[Round "6.3"]
[White "Hernando Rodrigo, JA."]
[Black "Fluvia Poyatos, Jordi"]
[Result "0-1"]
[WhiteElo "2398"]
[BlackElo "2480"]
[PlyCount "100"]
[EventDate "2014.??.??"]
[EventType "team"]
[EventCountry "ESP"]

1. d4 Nf6 2. c4 g6 3. g3 Bg7 4. Bg2 d5 5. cxd5 Nxd5 6. Nc3 Nb6 7. Nf3 Nc6 8. e3
O-O 9. O-O Be6 10. b3 a5 11. Nd2 Nd5 12. Bb2 Ncb4 13. Nxd5 Bxd5 14. e4 Be6 15.
Nc4 Bxc4 16. bxc4 c5 17. e5 cxd4 18. e6 fxe6 19. Bxb7 Rb8 20. Bg2 Qd6 21. Qa4
Qc5 22. Ba3 d3 23. Rad1 Rbd8 24. Bxb4 axb4 25. Qb5 Qxb5 26. cxb5 d2 27. b6 Bc3
28. b7 Rd6 29. f4 Ra6 30. Rf3 Rb8 31. Bf1 Rxa2 32. Bc4 Ra1 33. Rxa1 Bxa1 34.
Rd3 Rxb7 35. Bxe6+ Kg7 36. Rxd2 b3 37. Rd1 Bf6 38. Kf2 b2 39. Ba2 Rc7 40. Ke2
Rc2+ 41. Rd2 Rc1 42. Rd1 g5 43. f5 g4 44. Bb1 Kh6 45. Be4 Kg5 46. Bb1 Bd4 47.
f6 exf6 48. Rf1 h5 49. Bd3 Be5 50. Be4 h4 0-1